Candy Bar Cryptogram Quiz Stats

Quiz Updated Aug 19, 2014

Challenge
Share
Tweet
Embed
Score 0/16 Timer 07:00
0 Plays Today
Cryptogram Candy Bar % Correct
ERKH IRKMARS BAR
73.2%
HUPJADKHSNICKERS
72.8%
KNFNROLO
69.9%
HANKSKOR
66.5%
EPFAS ZRSMILKY WAY
66.1%
IRIS KOQWBABY RUTH
64.9%
APQARQKITKAT
64.2%
NW WDUKSOH HENRY
60.6%
Cryptogram Candy Bar % Correct
WDKHWDS IRKHERSHEY BAR
60.2%
RFENUG MNSALMOND JOY
59.7%
IOQQDKVPUBDKBUTTERFINGER
58.7%
ENOUGHMOUNDS
58.4%
JFRKA IRKCLARK BAR
55%
ERKRQWNUMARATHON
50.3%
LRSGRSPAYDAY
46.4%
BRFRYSGALAXY
40.1%

You're not logged in!

Compare scores with friends on all Sporcle quizzes.
Join for Free
OR
Log In

You Might Also Like...

Show Comments

Extras

Top Quizzes Today


Score Distribution

Your Account Isn't Verified!

In order to create a playlist on Sporcle, you need to verify the email address you used during registration. Go to your Sporcle Settings to finish the process.

Report this User

Report this user for behavior that violates our Community Guidelines.

Details: